A concise history of the Baltic States / (Record no. 3301)

000 -LEADER
fixed length control field 02637nam a2200397 i 4500
006 - FIXED-LENGTH DATA ELEMENTS--ADDITIONAL MATERIAL CHARACTERISTICS--GENERAL INFORMATION
fixed length control field m|||||o||d||||||||
007 - PHYSICAL DESCRIPTION FIXED FIELD--GENERAL INFORMATION
fixed length control field cr||||||||||||
008 - FIXED-LENGTH DATA ELEMENTS--GENERAL INFORMATION
fixed length control field 141103s2011||||enk o ||1 0|eng|d
020 ## - INTERNATIONAL STANDARD BOOK NUMBER
International Standard Book Number 9780511975370 (ebook)
040 ## - CATALOGING SOURCE
Original cataloging agency IMU Kochi Library
Language of cataloging eng
041 0# - LANGUAGE CODE
Language code of text/sound track or separate title eng
082 00 - DEWEY DECIMAL CLASSIFICATION NUMBER
Classification number 947.9
Edition number 22
100 1# - MAIN ENTRY--PERSONAL NAME
Personal name Plakans, Andrejs,
245 12 - TITLE STATEMENT
Title A concise history of the Baltic States /
300 ## - PHYSICAL DESCRIPTION
Extent 1 online resource (xvi, 472 pages) :
Other physical details digital, PDF file(s).
490 1# - SERIES STATEMENT
Series statement Cambridge concise histories
500 ## - GENERAL NOTE
General note Title from publisher's bibliographic system (viewed on 05 Oct 2015).
505 0# - FORMATTED CONTENTS NOTE
Formatted contents note Peoples of the eastern Baltic littoral -- New order, 1200-1500 -- New order reconfigured, 1500-1710 -- Installing hegemony: the littoral and tsarist Russia, 1710-1800 -- Reforming and controlling the Baltic littoral, 1800-1855 -- Five decades of transformations, 1855-1905 -- Statehood in troubled times, 1905-1940 -- Return of empires, 1940-1991 -- Reentering Europe, 1991-
520 ## - SUMMARY, ETC.
Summary, etc The Baltic region is frequently neglected in broader histories of Europe and its international significance can be obscured by separate treatments of the various Baltic states. With this wide-ranging survey, Andrejs Plakans presents an integrated history of three Baltic peoples - Estonians, Latvians and Lithuanians - and draws out the common threads to show how it has been shaped by their location in a strategically desirable corner of Europe. Subordinated in turn by Baltic German landholders, the Polish nobility and gentry, and then by Russian and Soviet administrators, the three nations have nevertheless kept their distinctive identities - significantly retaining three separate languages in an ethnically diverse region. The book traces the countries' evolution from their ninth-century tribal beginnings to their present status as three thriving and separate nation states, focusing particularly on the region's complex twentieth-century history, which culminated in the eventual re-establishment of national sovereignty after 1991.
651 #0 - SUBJECT ADDED ENTRY--GEOGRAPHIC NAME
Geographic name Baltic States
General subdivision History.
651 #0 - SUBJECT ADDED ENTRY--GEOGRAPHIC NAME
Geographic name Baltic States
General subdivision Politics and government.
651 #0 - SUBJECT ADDED ENTRY--GEOGRAPHIC NAME
Geographic name Baltic States
General subdivision Civilization.
830 #0 - SERIES ADDED ENTRY--UNIFORM TITLE
Uniform title Cambridge concise histories.
852 ## - LOCATION/CALL NUMBER
Location IMU Kochi Library
856 40 - ELECTRONIC LOCATION AND ACCESS
Uniform Resource Identifier <a href="https://doi.org/10.1017/CBO9780511975370">https://doi.org/10.1017/CBO9780511975370</a>
904 ## - LOCAL DATA ELEMENT D, LDD (RLIN)
CATALOGER Rudra Ranjan
905 ## - LOCAL DATA ELEMENT E, LDE (RLIN)
VERIFIER Rudra Ranjan
942 ## - ADDED ENTRY ELEMENTS (KOHA)
Item type E-Book
264 #1 -
-- Cambridge :
-- Cambridge University Press,
-- 2011.
338 ## -
-- online resource

No items available.



Copyright © All Rights Reserved by Indian Maritime University, Kochi Campus.
For any Suggestions/Query Contact to library or Email: library.kochi@imu.ac.in Ph:(0484)-2989402
(Web OPAC Designed by Rudra Ranjan. Maintained by IMU Kochi Library)

Powered by Koha